|
|
|
|
| LEADER |
00000nab a2200000 a 4500 |
| 001 |
vtls008993399 |
| 003 |
SK-MaSNL |
| 005 |
20260305044622.0 |
| 008 |
250505c2007 xo qr|p|||||||000 b|slo |
| 015 |
|
|
|a SNBRB2007/05
|
| 035 |
|
|
|a (uuid)38795ddb-9f2f-46cb-b7b2-6879f150ed0a
|
| 035 |
|
|
|a urn:nbn:sk:snk-abd5ea
|
| 035 |
|
|
|a (urnnbn)urn:nbn:sk:snk:ar-002up5
|
| 038 |
|
|
|a SNKBUCL
|
| 040 |
|
|
|a SNKBUCL
|b slo
|c SNKBUCL
|e AACR2
|
| 041 |
0 |
|
|a slo
|
| 044 |
|
|
|a xo
|c SK
|
| 080 |
|
|
|a (1-22)
|2 1997
|
| 080 |
|
|
|a 2-051
|2 1997
|
| 080 |
|
|
|a 929 Hopko, Vasiľ
|2 1997
|
| 100 |
1 |
|
|a Kolesárová, Dada
|4 aut
|9 1176875
|
| 245 |
1 |
0 |
|a Keď sa minulosť preplieta s dneškom
|b z rodnej obce bl. vladyku Vasiľa Hopka - farnosť Hrabské
|c Dada Kolesárová
|
| 600 |
1 |
7 |
|a Hopko, Vasiľ,
|c blahoslavený,
|d 1904-1976
|2 snkbucl
|9 26997
|
| 651 |
|
7 |
|a Hrabské (Slovensko)
|2 snkbucl
|9 36183
|
| 773 |
0 |
|
|t Slovo : časopis gréckokatolíckej cirkvi
|g Roč. 39, č. 11 (2007), s. 8-9
|x 1335-7492
|
| 850 |
|
|
|a Slovenská národná knižnica
|
| 852 |
|
|
|a Slovenská národná knižnica
|
| 954 |
|
|
|a odborná, vedecká literatúra pôvodná (slovenská)
|2 lita
|
| 958 |
|
|
|a article17
|
| 958 |
|
|
|a OND
|
| 958 |
|
|
|a BX
|
| 958 |
|
|
|a NT
|
| 958 |
|
|
|a SK
|
| 958 |
|
|
|a EUIPO
|
| 999 |
|
|
|c 3359645
|d 3361575
|